000 00448nam a22001457a 4500
005 20150331103937.0
008 150331b xxu||||| |||| 00| 0 eng d
040 _cPK-LaUMT
082 _aKHC 306.095491
_bSAR-K
100 _aسرور، محمد
245 _aکوہستان نمک کی قدیم ثقافت اور جدید کثافت
_cمحمد سرور
260 _aلاہور
_bمیاں محمد جمیل
_c2002
300 _a141 ص
942 _cBK
999 _c68485
_d68485